书目信息 |
| 题名: |
中国地下社会
|
|
| 作者: | 秦宝琦 著 | |
| 分册: | 第二卷 晚清秘密社会卷 | |
| 出版信息: | 北京 学苑出版社 2005 |
|
| 页数: | 885页 | |
| 开本: | 21cm | |
| 丛书名: | ||
| 单 册: | ||
| 中图分类: | D691.98 | |
| 科图分类: | ||
| 主题词: | 帮会--研究--中国--清后期 | |
| 电子资源: | ||
| ISBN: | 7-5077-0466-1 | |
| 000 | 00799nam0 2200229 450 | |
| 000 | 00990nam0 2200253 45 | |
| 001 | TS2006027824 | |
| 005 | 20061229100103.87 | |
| 010 | @a7-5077-0466-1@dCNY40.00 | |
| 100 | @a20060829d2004 ekmy0chiy0121 ea | |
| 101 | 0 | @achi |
| 102 | @aCN@b110000 | |
| 105 | @ay z 000yy | |
| 200 | 1 | @a中国地下社会@AZhong Guo Di Xia She Hui@h第二卷@HDi Er Juan@i晚清秘密社会卷@IWan Qing Mi Mi She Hui Juan@f秦宝琦著@FQin Bao Qi Zhu |
| 210 | @a北京@c学苑出版社@d2005 | |
| 215 | @a885页@d21cm | |
| 330 | @a本书主要介绍了晚清天地会概况、太平天国起义前广西的天地会武装、拜上帝会与太平天国的神权统治等内容。 | |
| 606 | @a帮会@x研究@y中国@z清后期 | |
| 690 | @aD691.98@v4 | |
| 701 | 0 | @a秦宝琦@AQin Bao Qi@4著 |
| 801 | 0 | @aCN@b中图数据@c20061229 |
| 905 | @a10447@dD691.98@e127:2 | |
| 中国地下社会.第二卷.晚清秘密社会卷/秦宝琦著.-北京:学苑出版社,2005 |
| 885页;21cm |
| ISBN 7-5077-0466-1:CNY40.00 |
| 本书主要介绍了晚清天地会概况、太平天国起义前广西的天地会武装、拜上帝会与太平天国的神权统治等内容。 |
| ● |
| 相关链接 |
|
|
|
|
正题名:中国地下社会
索取号:D691.98/127:2
 
预约/预借
| 序号 | 登录号 | 条形码 | 馆藏地/架位号 | 状态 | 备注 |
| 1 | 0610190 | 206101902 | 第一样本阅览室/ [索取号:D691.98/127:2] | 在馆 | |
| 2 | 0610193 | 206101939 | 第一借阅区/ [索取号:D691.98/127:2] | 在馆 |